Evaluación de enmiendas orgánicas en un cultivo de ajo colorado en la región de Bahía Blanca /

Guardado en:
Autor Principal: Anze, Rolando Nelson.
Autor Corporativo: Universidad Nacional del Sur. Departamento de Agronomía.
Otros Autores: Miglierina, Ana María, (tutor.)
Formato: Libro
Idioma:Spanish
Publicado: Bahía Blanca, 2010.
Etiquetas: Agregar Etiqueta
Sin Etiquetas, Sea el primero en etiquetar este registro!
LEADER 00735nam a22001695a 4500
001 EEA.libagro008405
005 20170926112821.0
008 130809s2010####ag#a##########000#0#spa#d
082 0 4 |a 635.26 
100 1 |a Anze, Rolando Nelson. 
245 1 0 |a Evaluación de enmiendas orgánicas en un cultivo de ajo colorado en la región de Bahía Blanca /  |c Rolando Nelson Anze. 
260 |a Bahía Blanca,  |c 2010. 
300 |a 44 h. :  |b il. ;  |c 30 cm. 
500 |a Trabajo de intensificación (Ingeniero Agrónomo) -- Universidad Nacional del Sur. Departamento de Agronomía, 2010. 
700 1 |a Miglierina, Ana María,  |e tutor. 
710 2 |a Universidad Nacional del Sur.  |b Departamento de Agronomía. 
859 |a AR-BbBCA  |b BIB. AGRONOMIA  |h 635.26  |i A637  |p 2010/5818